|
|
|
|
| LEADER |
01771nam a2200373 i 4500 |
| 001 |
36785 |
| 003 |
BD-DhAAL |
| 005 |
20250831113245.0 |
| 008 |
191210t2018 bg ab b 001 0 eng |
| 010 |
|
|
|a 2018320472
|
| 020 |
|
|
|a 9789843445193 (vol. 1)
|
| 025 |
|
|
|a B-E-2018320472 ; 21-92
|
| 037 |
|
|
|b Library of Congress -- New Delhi Overseas Office
|
| 040 |
|
|
|a DLC
|b eng
|e rda
|c DLC
|d DLC
|d BD-DhAAL
|
| 042 |
|
|
|a lcode
|a pcc
|
| 043 |
|
|
|a a-bg---
|
| 050 |
0 |
0 |
|a DS485.B47
|b H57 2018
|
| 082 |
|
|
|2 23
|a 954.9202
|
| 245 |
0 |
0 |
|a History of Bangladesh :
|b early Bengal in regional perspectives (up to c.1200 CE).
|n Volume 1 /
|c edited by Abdul Momin Chowdhury and Ranabir Chakravarti.
|
| 260 |
|
|
|a Dhaka, Bangladesh :
|b Asiatic Society of Bangladesh,
|c 2018.
|
| 300 |
|
|
|a xxxix, 944 pages :
|b illustrations (black and white, and color), maps (black and white, and color) ;
|c 23 cm
|
| 362 |
|
|
|a Vol. 1
|
| 504 |
|
|
|a Includes bibliographical references and index.
|
| 505 |
0 |
|
|a vol. 1. Archaeology, political history, polity.
|
| 526 |
|
|
|a ENH
|
| 541 |
|
|
|a Book Finder International
|e 36785
|
| 651 |
|
0 |
|a Bengal (India)
|x History
|v Early works to 1800.
|9 38192
|
| 700 |
1 |
|
|a Chowdhury, Abdul Momin,
|e editor.
|9 38193
|
| 700 |
1 |
|
|a Chakravarti, Ranabir,
|d 1953-
|e editor.
|9 38194
|
| 710 |
2 |
|
|a Asiatic Society of Bangladesh,
|e issuing body.
|9 38195
|
| 852 |
|
|
|a Ayesha Abed Library
|c General Stacks
|
| 942 |
|
|
|2 ddc
|c BK
|
| 999 |
|
|
|c 40762
|d 40762
|
| 952 |
|
|
|0 0
|1 0
|2 ddc
|4 0
|6 954_920200000000000_HIS
|7 0
|9 67324
|a BRACUL
|b BRACUL
|c CIR
|d 2019-12-02
|e Book Finder International
|g 1692.50
|l 74
|o 954.9202 HIS
|p 3010036785
|r 2026-03-28
|s 2026-03-28
|t 1
|v 1692.50
|w 2019-12-02
|y 1HOUR
|x According to Gazi Md. Mizanur Rahman (Assistant Professor, ENH) instruction, the book has been reserved as one hour loan.
|